[Event "Eindhoven WLC op 12th"]
[Site "Eindhoven"]
[Date "2022.05.14"]
[Round "4"]
[White "Oskam, Julian"]
[Black "Klapwijk, Leo"]
[Result "1-0"]
[WhiteElo "1627"]
[BlackElo "1828"]
[PlyCount "73"]
[EventDate "2022.05.13"]
[EventType "swiss"]
[EventRounds "6"]
[EventCountry "NED"]
[SourceTitle "CBM 208 Extra"]
[Source "ChessBase"]
[SourceDate "2022.07.31"]
[SourceVersion "1"]
[SourceVersionDate "2022.07.31"]
[SourceQuality "1"]

1. c4 Nf6 2. g3 g6 3. Bg2 Bg7 4. Nc3 c6 5. Nf3 e6 6. e4 d6 7. d4 Nbd7 8. Bf4 Qe7 9. Qd2 h6 10. h3 g5 11. Be3 Nb6 12. Qd3 Bd7 13. a4 a5 14. e5 Nh5 15. exd6 Qd8 16. c5 Nd5 17. Nxd5 exd5 18. Qe2 Be6 19. 0-0 0-0 20. Ne5 Nf6 21. b4 axb4 22. Rfb1 Ne4 23. Bxe4 dxe4 24. Rxb4 Ra7 25. Kh2 Kh7 26. Qc2 Bd5 27. Rab1 Qa8 28. Nd7 Rd8 29. Nb6 Qb8 30. Nxd5 cxd5 31. Qb3 Qa8 32. Qxd5 Rxa4 33. Qxe4+ Kh8 34. Rxa4 Qxa4 35. Rxb7 Re8 36. Qd5 Qa6 37. Qxf7 1-0

[Event "Hoogeveen op 24th"]
[Site "Hoogeveen"]
[Date "2021.10.15"]
[Round "1"]
[White "Klapwijk, Leo"]
[Black "Bezemer, Arno J"]
[Result "0-1"]
[WhiteElo "1836"]
[BlackElo "2283"]
[PlyCount "100"]
[EventDate "2021.10.15"]
[EventType "swiss"]
[EventRounds "9"]
[EventCountry "NED"]
[SourceTitle "CBM 204 Extra"]
[Source "ChessBase"]
[SourceDate "2021.11.30"]
[SourceVersion "1"]
[SourceVersionDate "2021.11.30"]
[SourceQuality "1"]

1. e4 c5 2. Nc3 d6 3. f4 g6 4. Nf3 Bg7 5. Bc4 Nc6 6. a3 e6 7. d3 Nge7 8. 0-0 0-0 9. Qe1 Nd4 10. Nxd4 cxd4 11. Ne2 d5 12. Ba2 dxe4 13. dxe4 b6 14. Ng3 Bb7 15. Rb1 Rc8 16. Qe2 Rc7 17. Bc4 Qc8 18. Bd3 f5 19. Bd2 Kh8 20. Rbc1 Ng8 21. Bb4 Rd8 22. e5 Bf8 23. Bd6 Bxd6 24. exd6 Rg7 25. c3 Qc5 26. b4 Qxd6 27. Rcd1 Qc7 28. cxd4 Rxd4 29. Qxe6 Rxf4 30. Rxf4 Qxf4 31. Bc4 Qc7 32. Bb3 Bc8 33. Qe8 Bd7 34. Qe2 Nf6 35. Qd3 Qe5 36. Nf1 Re7 37. h3 Kg7 38. Bc4 Bc6 39. Qc2 Bb7 40. Qa2 Ne4 41. Rd8 Nf6 42. Rd1 b5 43. Bb3 Qc3 44. Rd2 Re1 45. Rf2 Ne4 46. Qb2 Qxb2 47. Rxb2 f4 48. Rc2 Ng3 49. Rf2 g5 50. Bc2 Bd5 0-1